000 00777nam a2200265I 4500
001 4460
003 BD-RjUL
005 20211208233909.0
008 131222t19511942nyu 001 0 eng d
035 _aMITb10499540
035 _a(OCoLC)11411008
_a(BD-RjUL)4495
035 _aGLIS00499540
040 _aCSF
_cCSF
_dMCB
_dRCD
_dBD-RjUL
_beng
041 _aeng
082 _2342.73
_bBED
090 _aJK128
_b.B395 1953
099 _aJK128.B395 1953
100 1 _aBecker, Carl L.
_q(Carl Lotus),
_d1873-1945.
_92764
245 1 4 _aThe Declaration of Independence ;
_ba study in the history of political ideas /
_cby Carl Becker.
260 _aNew York :
_bKnopf,
_c c1942.
300 _axvii, 286 p. ;
_c21 cm.
504 _aIncludes index.
942 _2ddc
_cBK
949 _aMYGD
999 _c4460
_d4460